|
|
|
|
| LEADER |
01307nam a2200289 4500 |
| 001 |
42422 |
| 003 |
BD-DhAAL |
| 005 |
20250819120115.0 |
| 008 |
240319t2000 ii a|||| |||| 001 0 eng d |
| 020 |
|
|
|a 0195649796
|
| 040 |
|
|
|a BD-DhAAL
|d BD-DhAAL
|
| 082 |
|
|
|a 954
|2 23
|
| 245 |
|
|
|a The imperial monetary system of mughal India /
|c edited by John F. Richards.
|
| 264 |
|
|
|a Delhi ;
|a New York :
|b Oxford University Press,
|c 1987.
|
| 300 |
|
|
|a viii, 382 pages :
|b illustrations ;
|c 23 cm.
|
| 500 |
|
|
|a "Sponsored by the Committee on South Asia of the Social Science Research Council and American Council of Learned Societies."
|
| 504 |
|
|
|a Includes bibliographical references.
|
| 520 |
|
|
|a Contributed papers at a conference held at the National Humanities Center, Research Triangle Park, North Carolina, 1981.
|
| 541 |
|
|
|a Donated by Akbar Ali Khan
|e 42422
|
| 650 |
|
|
|a Money
|z India
|x History
|x Congresses.
|9 56170
|
| 651 |
|
|
|a India
|x History
|y 1526-1765
|x Congresses.
|9 56171
|
| 651 |
|
|
|a India
|x History.
|
| 700 |
|
|
|a Richards, John F.
|
| 710 |
|
|
|a Joint Committee on South Asia.
|9 56172
|
| 942 |
|
|
|2 ddc
|c BK
|
| 999 |
|
|
|c 46473
|d 46473
|
| 952 |
|
|
|0 0
|1 0
|2 ddc
|4 0
|6 954_000000000000000_IMP
|7 0
|9 75277
|a BRACUL
|b BRACUL
|c CS1
|d 2024-03-19
|e Donated by Akbar Ali Khan
|l 0
|o 954 IMP
|p 3010042422
|r 2024-03-19
|t 1
|w 2024-03-19
|y BK
|